Les 30 villes les plus propres du monde - Statistiques

Statistiques générales
  • Ce quiz a été pris 74 fois
  • Le résultat moyen est 14 sur 30
Statistiques - réponses
Pays Villes % Correct
Allemagne Berlin
87%
Luxembourg Luxembourg
80%
Autriche Vienne
80%
Danemark Copenhague
77%
Finlande Helsinki
77%
Suisse Genève
72%
Norvège Oslo
72%
Singapour Singapour
70%
Suisse Zurich
70%
Pays Bas Amsterdam
69%
France Paris
69%
Islande Reykjavik
69%
Suède STOCKHOLM
69%
Nouvelle-Zélande Wellington
62%
États-Unis New York
59%
Allemagne Hambourg
54%
État d'Hawaï Honolulu
54%
Canada Toronto
54%
Nouvelle-Zélande Auckland
48%
États-Unis Chicago
41%
Canada Calgary
28%
Australie Brisbane
26%
Japon Kobé
18%
Allemagne Fribourg
8%
Brésil CURITIBA
7%
Maroc Ifrane
5%
États-Unis Portland
5%
Angleterre Nottingham
3%
Espagne Oviedo
3%
Espagne Le Hiero
0%
Aucun quiz correspondant
Distribution des résultats
% des personnes avec chaque résultat
Percentile par nombre de réponses
Votre historique - résultats
Vous n’avez pas pris ce quiz